00997 a2200157 45000010006000000050017000060080041000230030015000640400040000790800073001192450042001922640038002343000019002725050520002911000028008112927920260407155602.0260407a1976 arg spa dAR-UNSa-BCEJYS aAR-UNSa-BCEJYSbspacAR-UNSa-BCEJYS a657.3xPresupuestos. Cierre de Cuentas. Balances (Estados Contables)10aInterpretación de estados contables 1aBuenos Aires :bEl Coloquioc1976 a378 p.c22 cm. a1. Estados contables, interpretación – 2. Estado de resultados – 3. Estado de situación patrimonial – 4. Medición e interpretación – 5. Comparación de estados de situación patrimonial – 6. Capital operativo o capital corriente – 7. Estado de situación sobre la base de datos históricos – 8. Estado de variaciones del resultado neto – 9. Relaciones estructurales y análisis vertical – 10. Retorno sobre la inversión – 11. Análisis de la situación financiera a largo plazo.1 aArreghini, Hugo Ricardo